000 00629nam a22002057a 4500
005 20250929111646.0
010 _aENG-146880
020 _a9789364684866
_c500.00
035 _aEN-130412
037 _bDBAD
082 _21
_a913
100 _aAlok Singh
_985252
245 _aGeography of India/
_cAlok Singh
250 _a1
260 _aUttar Pradesh
_bS. Chand Publishing
_c2025
270 _aD-92, Sector-2, Noida
_bUttar Pradesh
_e201301
_k61-120-4682700
300 _a358p.
_c27cm(pb)
500 _a for UPSC, MPSC & Other State PSC Civil Services Examinations 2025
942 _2ddc
_cEN
_mALO
_h913
999 _c213489
_d213489